01253nam a22002535i 4500001000700000003000900007005001700016008004100033040001800074100003700092245025200129250007400381260006500455300004300520595005200563596002800615597005200643597002400695597002100719597001100740852010400751999001900855952012500874167130ES-MaACL20230906213451.0951117s1726 sz |||| | lat d aAR bspa cAR1 aVela de Oreña, José.913358910aD.D. Josephi Vela de Oreña... Dissertationum juris controversi tam in Hispalensi quam Granatensi senatu super materias tam ecclesiasticas quam civiles tomus primus... b: cum S.Rot.Romanae decisionibus recentissimis numquam antea lucem editis... aEditio novissima, mendis quae in priori irrepserant sedulo expurgata. aColoniae Allobrogum : bsumptibus Perachon & Cramer, c1726. a[12], 507, [96] p. [2] en bl. ; cFol. aDatos de ed. preceden a la inf. complementaria. aMarca tip. xil en port. aSign.: a6, A-Z6, 2A-2S6, 2T-V4, 3X-3Z6, 3A-3E6. aPort. a dos tintas. aTexto a dos col. aAntep. aES-MaACLjR-1547-48 z-- Enc. perg. q-- Falto de la port. y de prelim. x-- Olim: G-2977-8 c167130d167130 001040708LIBXVIIIaATENEOMbATENEOMcDEPOd2008-01-17l0oR-1547-48p1175318r2023-02-23 00:00:00w2023-02-23yMONANT